000 00401nam a2200169Ia 4500
008 230711s9999||||xx |||||||||||||| ||und||
020 _a978-93-325-6009-3
041 _aENG
082 _a658
_bVE-B
100 _aVelasquez,Manuel G
245 0 _aBusiness ethics
250 _a7th Ed.
260 _c2016
_aNew Delhi
_bPearson
300 _a495p.
650 _aUNIVESITY BUSNIESS SCHOOL
942 _cBK
999 _c5965
_d5965